|
|
|
|
| LEADER |
00000nam0a2200000 4500 |
| 001 |
210875 |
| 005 |
20231031192218.0 |
| 035 |
|
|
|a (RuTPU)RU\TPU\book\230321
|
| 090 |
|
|
|a 210875
|
| 100 |
|
|
|a 20120303d1965 m y0rusy50 ca
|
| 101 |
0 |
|
|a rus
|
| 102 |
|
|
|a RU
|
| 105 |
|
|
|a ac z 001zb
|
| 200 |
1 |
|
|a Столетов
|f В. Н. Болховитинов
|
| 205 |
|
|
|a 3-е изд.
|
| 210 |
|
|
|a Москва
|c Молодая гвардия
|d 1965
|
| 215 |
|
|
|a 512 с.
|c ил.
|
| 225 |
1 |
|
|a Жизнь замечательных людей. Серия биографий
|v Вып. 17(411)
|
| 320 |
|
|
|a Библиогр.: с. 506-510.
|
| 600 |
|
1 |
|a Столетов
|g Александр Григорьевич
|b А. Г.
|c российский физик
|f 1839-1896
|2 stltpush
|3 (RuTPU)RU\TPU\pers\980
|
| 610 |
1 |
|
|a физика
|
| 610 |
1 |
|
|a физики
|
| 610 |
1 |
|
|a биографии
|
| 610 |
1 |
|
|a жизнь
|
| 610 |
1 |
|
|a научная деятельность
|
| 675 |
|
|
|a 53(092)
|v 3
|
| 700 |
|
1 |
|a Болховитинов
|b В. Н.
|g Виктор Николаевич
|
| 801 |
|
1 |
|a RU
|b 63413507
|c 20120303
|
| 801 |
|
2 |
|a RU
|b 63413507
|c 20120413
|g RCR
|
| 942 |
|
|
|c BK
|